MLB Playoff Teams 2025 - Statistics

General Stats
  • This quiz has been taken 134 times
  • The average score is 12 of 12
Answer Stats
Division Seed Team % Correct
NL West 3 Los Angeles Dodgers
100%
AL East 4 New York Yankees
100%
NL Central 6 Cincinnati Reds
99%
AL East 5 Boston Red Sox
97%
NL Central 4 Chicago Cubs
96%
AL Central 6 Detroit Tigers
96%
NL Central 1 Milwaukee Brewers
96%
NL West 5 San Diego Padres
96%
AL West 2 Seattle Mariners
96%
AL East 1 Toronto Blue Jays
96%
AL Central 3 Cleveland Guardians
94%
NL East 2 Philadelphia Phillies
94%
No matching quizzes found
Score Distribution
Percent of People with Each Score
Percentile by Number Answered
Your Score History
You have not taken this quiz